<?xml version="1.0" encoding="UTF-8"?>
<record
    xmlns:xsi="http://www.w3.org/2001/XMLSchema-instance"
    xsi:schemaLocation="http://www.loc.gov/MARC21/slim http://www.loc.gov/standards/marcxml/schema/MARC21slim.xsd"
    xmlns="http://www.loc.gov/MARC21/slim">

  <leader>00648nam a22001337a 4500</leader>
  <controlfield tag="008">190327b        xxu||||| |||| 00| 0 eng d</controlfield>
  <datafield tag="082" ind1=" " ind2=" ">
    <subfield code="a">972.861</subfield>
    <subfield code="b">A656a</subfield>
  </datafield>
  <datafield tag="100" ind1=" " ind2=" ">
    <subfield code="a">Morales, Manuel (Director del Proyecto)</subfield>
    <subfield code="9">6973</subfield>
  </datafield>
  <datafield tag="245" ind1=" " ind2=" ">
    <subfield code="a">Aqu&#xED; en Cieneguita</subfield>
  </datafield>
  <datafield tag="260" ind1=" " ind2=" ">
    <subfield code="a">Costa Rica</subfield>
    <subfield code="b">Universidad de Costa Rica</subfield>
    <subfield code="b">Escuela de Arquitectura</subfield>
    <subfield code="b">Vicerrector&#xED;a de Acci&#xF3;n Social</subfield>
    <subfield code="b">Semillas</subfield>
    <subfield code="c">2018</subfield>
  </datafield>
  <datafield tag="300" ind1=" " ind2=" ">
    <subfield code="a">181 p.</subfield>
    <subfield code="b">ill (col).</subfield>
    <subfield code="c">22,5 cm</subfield>
  </datafield>
  <datafield tag="505" ind1=" " ind2=" ">
    <subfield code="t">Contexto</subfield>
    <subfield code="t">Relatos</subfield>
    <subfield code="t">Ambientes</subfield>
    <subfield code="t">Expresiones</subfield>
  </datafield>
  <datafield tag="650" ind1=" " ind2=" ">
    <subfield code="2">Cieneguita, Lim&#xF3;n - condiciones sociales</subfield>
    <subfield code="v">Cieneguita, Lim&#xF3;n -  relatos personales</subfield>
    <subfield code="v">Cieneguita, Lim&#xF3;n -  vida social y costumbres</subfield>
    <subfield code="z">Cieneguita, Lim&#xF3;n - arte </subfield>
    <subfield code="9">6974</subfield>
  </datafield>
  <datafield tag="999" ind1=" " ind2=" ">
    <subfield code="c">1755</subfield>
    <subfield code="d">1755</subfield>
  </datafield>
  <datafield tag="952" ind1=" " ind2=" ">
    <subfield code="0">0</subfield>
    <subfield code="1">0</subfield>
    <subfield code="2">ddc</subfield>
    <subfield code="4">0</subfield>
    <subfield code="7">0</subfield>
    <subfield code="a">LV</subfield>
    <subfield code="b">LV</subfield>
    <subfield code="c">Pensamiento</subfield>
    <subfield code="d">2019-03-27</subfield>
    <subfield code="l">0</subfield>
    <subfield code="o">972.861 A656a</subfield>
    <subfield code="p">004626</subfield>
    <subfield code="r">2019-03-27 00:00:00</subfield>
    <subfield code="w">2019-03-27</subfield>
    <subfield code="y">01</subfield>
  </datafield>
</record>
